| 000 | 01000nam a2200205 a 4500 | ||
|---|---|---|---|
| 008 | 161026s2014 ||||||||||||||||| || u | ||
| 020 | _a9781452277714 | ||
| 050 | _aHA 29 Sal | ||
| 100 | _aSalkind, Neil J | ||
| 245 | 1 | 0 |
_aStatistics for people who (think they) hate statistics. (5th ed.) _cBy Neil J. Salkind |
| 250 | _a5th ed. | ||
| 260 |
_aCalifornia: _bSAGE Publications _c2014 |
||
| 300 | _axxvii, 483p.: ill. | ||
| 350 | _a38.54 | ||
| 650 | 7 |
_aSTATISTICS _2fast |
|
| 650 | _aSTATISTICAL ANALYSIS | ||
| 995 |
_aMAIN LIBRARY OPEN ACCESS _e747077 _FCBU-MAIN LIBRARY (Kitwe) _I89.00 _jHA 29 Sal _M1 _UAVAILABLE _WOct 27, 2016 _y747077 _ZMain Library Open Access Collection |
||
| 995 |
_aMAIN LIBRARY OPEN ACCESS _e748426 _FCBU-MAIN LIBRARY (Kitwe) _I38.54 _jHA 29 Sal _M5 _UAVAILABLE _WAug 30, 2018 _y748426 _ZMain Library Open Access Collection |
||
| 995 |
_aMAIN LIBRARY OPEN ACCESS _e748427 _FCBU-MAIN LIBRARY (Kitwe) _I38.54 _jHA 29 Sal _M6 _UAVAILABLE _WAug 30, 2018 _y748427 _ZMain Library Open Access Collection |
||
| 999 |
_c76806 _d76806 |
||